00625cam a22002291 4500001001300000003000400013005001700017008004100034010001700075035002000092040001800112042001200130050001700142100005400159245004700213260001000260300003500270500001500305504002700320600003100347999001700378sa 67001952 DLC20260227112327.0890913s1966 ii c b 000 0 telo  asa 67001952  a(OCoLC)20337487 aDLCcWaUdDLC apremarc00aBP585.B3bS61 aŚrīrāmacandramūrti, Koṇḍamudi,d1936-10aDivyajñānadīpika Ānībeseṇṭu. c1966. aii, 121 [1] p.bports.c22 cm. aIn Telugu. aBibliography: p. [122]10aBesant, Annie,d1847-1933. c72954d72954